| 000 | 00474nam a2200181Ia 4500 | ||
|---|---|---|---|
| 001 | 15919 | ||
| 005 | 20260306170231.0 | ||
| 008 | 260306t2011||||xx |||||||||||||| ||und|| | ||
| 041 | _aESP | ||
| 082 |
_a620.8 _bP87 |
||
| 100 |
_aUniversidad Católica San Pablo. Programa Profesional de IngenierÃa Industrial _eAUT |
||
| 245 | 0 | _aManual de seguridad en el laboratorio | |
| 260 | _c2011 | ||
| 300 |
_a _c |
||
| 650 | _aGEN | ||
| 654 | _aCII | ||
| 942 |
_cLIB _dJUS _fJUS _2ddc _n |
||
| 999 |
_c15919 _d15919 |
||